Castellbisbal, castell, família i conflicte (S. XII-XV) /
MARC
| LEADER | 00000nam a2200000 i 4500 | ||
|---|---|---|---|
| 001 | 24984 | ||
| 003 | AGDB | ||
| 005 | 20260324180722.0 | ||
| 008 | 210107e202004 spca|||||||||l0|1 0|cat| | ||
| 015 | |a LL2021 |2 bnc | ||
| 017 | |a DL B 7352-2020 |b Biblioteca de Catalunya | ||
| 035 | |a (ES-BaCBU)b74821532-34csuc_network | ||
| 035 | |a (ES-BaCBU).b74821532 | ||
| 035 | |a (ccuc001)b74821532 | ||
| 040 | |a ES-BaBC |b cat |e rda |c ES-BaBC | ||
| 043 | |a e-sp--- |b e-spcvc |2 catmarc | ||
| 080 | |a 94 |x (460.23 VaOc Castellbisbal) |2 2004 | ||
| 100 | 1 | |a Reche Ontillera, Alberto, |d 1983- |e autor | |
| 245 | 1 | 0 | |a Castellbisbal, castell, família i conflicte (S. XII-XV) / |c Alberto Reche Ontillera |
| 250 | |a Primera edició | ||
| 264 | 1 | |a [Castellbisbal] : |b Ajuntament de Castellbisbal, |c abril de 2020 | |
| 300 | |a 172 pàgines : |b il·lustracions ; |c 20 cm | ||
| 336 | |a text |b txt |2 rdacontent | ||
| 337 | |a sense mediació |b n |2 rdamedia | ||
| 338 | |a volum |b nc |2 rdacarrier | ||
| 490 | 1 | |a Beca de Recerca de l'Arxiu Municipal de Castellbisbal ; |v 2 | |
| 504 | |a Bibliografia: pàgines 164-167. Índex | ||
| 586 | |a Segona beca de recerca de l'Arxiu Municipal de Castellbisbal | ||
| 650 | 7 | |a Història local. |2 thub |9 64885 | |
| 651 | 7 | |a Castellbisbal (Catalunya) |2 thub | |
| 651 | 7 | |a Castellbisbal (Catalunya) |x Història. |2 lemac |9 54112 | |
| 710 | 1 | |a Castellbisbal (Catalunya). |b Ajuntament. |e entitat que encarrega |9 54115 | |
| 830 | 0 | |a Beca de Recerca de l'Arxiu Municipal de Castellbisbal ; |v 2 | |
| 907 | |a .b74821532 |b 21-06-21 |c 07-01-21 |d 07-01-21 |e m |f a |g - |h cat |i spc |j 0 |k 0 | ||
| 908 | |a BC |a UB |a AHS |a UAB |a ANC | ||
| 940 | |a BC | ||
| 942 | |c ARXIU |n 1 |2 udc | ||
| 949 | |a 1003024799 |b D7 1363/4 |c 1 |d 10 |e 0 |f 04.02.21 |g 1 |k 1300 |m 04.02.21 |n 04.02.21 |o 0 |p Fons: Biblioteca AHS (R. 15343) | ||
| 952 | |0 0 |1 0 |4 0 |6 BIB321 |7 1 |9 60801 |a Arxiu |b Arxiu |d 2021-11-15 |o Bib-321 |p 24984 |r 2021-11-15 00:00:00 |w 2021-11-15 |y ARXIU | ||
| 999 | |c 80933 |d 80933 | ||